Loading...
| Literature - British | 0 | 6 | 1 | 0 | 55 | 30 | 73.83 | 2 | 6 | 0.00 | 0.00 |
| Literature - American | 0 | 5 | 0 | 1 | 50 | 33 | 73.00 | 2 | 3 | 0.00 | 0.00 |
| Literature - European | 0 | 4 | 0 | 0 | 40 | 63 | 85.75 | 0 | 4 | 0.00 | 0.00 |
| Pop Culture | 0 | 3 | 0 | 1 | 30 | 58 | 82.00 | 0 | 0 | 0.00 | 0.00 |
| Science - Biology | 0 | 3 | 0 | 2 | 30 | 91 | 98.33 | 0 | 0 | 0.00 | 0.00 |
| Fine Arts - Classical Music | 0 | 2 | 0 | 0 | 20 | 86 | 94.00 | 0 | 0 | 0.00 | 0.00 |
| Literature - World | 0 | 2 | 0 | 0 | 20 | 69 | 75.00 | 0 | 1 | 0.00 | 0.00 |
| Fine Arts - Other | 0 | 2 | 0 | 0 | 20 | 71 | 92.00 | 0 | 1 | 0.00 | 0.00 |
| Social Science | 0 | 1 | 0 | 1 | 10 | 105 | 105.00 | 0 | 0 | 0.00 | 0.00 |
| Mythology | 0 | 1 | 0 | 0 | 10 | 108 | 108.00 | 0 | 0 | 0.00 | 0.00 |
| Painting/Sculpture | 0 | 1 | 0 | 0 | 10 | 85 | 85.00 | 0 | 1 | 0.00 | 0.00 |
| Religion | 0 | 1 | 0 | 0 | 10 | 61 | 61.00 | 0 | 1 | 0.00 | 0.00 |
| Science - Physics | 0 | 0 | 0 | 0 | 0 | 0.00 | 0 | 0 | 0.00 | 0.00 |